000 00621nam a2200205 i 4500
001 31469
003 ES-MaACL
005 20230906154402.0
007 t|
008 030129s1905 fr ||||1| fre d
100 1 _aBeauverie, J.
_926846
245 1 3 _aLe bois /
_cpar J. Beauverie ; avec un préface de M. Daubrés.
260 _aParís :
_bGauthier-Villars,
_c1905 (
_eLaval :
_fL. Barnéoud)
300 _a2 v. :
_bil. ;
_c25 cm.
490 1 _aEncyclopédie industrielle
700 1 _aDaubrés, M.
_942794
830 0 _aEncyclopédie industrielle
_9183359
852 _aES-MaACL
_jA-106-07
999 _c31469
_d31469